Attractions touristiques célèbres par images #2 - Statistiques

Statistiques générales
  • Ce quiz a été pris 6 864 fois
    4 928 depuis la dernière actualisation
  • Le résultat moyen est 11 sur 18
Statistiques - réponses
Par images Réponse % Correct
Musée du Louvre
97%
Big Ben
96%
Notre-Dame
92%
Chutes du Niagara
90%
Sphinx de Gizeh
84%
L'Acropole
80%
Grand Canyon
77%
Cité {interdite}
74%
Tower Bridge
60%
Place {Saint}-{Pierre}
56%
Panthéon de Rome
55%
Mémorial de {Lincoln}
46%
Sainte-Sophie
45%
Angkor Vat
41%
Uluru
38%
Cathédrale {Saint}-{Basile}
32%
Tour {CN}
29%
Dôme du Rocher
14%
Aucun quiz correspondant
Distribution des résultats
% des personnes avec chaque résultat
Percentile par nombre de réponses
Votre historique - résultats
Vous n’avez pas pris ce quiz depuis la dernière actualisation